| 000 | 00684nam a22002057a 4500 | ||
|---|---|---|---|
| 003 | SEM | ||
| 005 | 20250211114032.0 | ||
| 008 | 231214s ai ||||gr||||||01|0|arm|d | ||
| 040 |
_aSEM _cSEM |
||
| 041 | _aarm | ||
| 080 | _a947.925.523/Հ-60 | ||
| 245 |
_aՀիշում եմ և պահանջում : _bՀայոց Ցեղասպանության 100-րդ տարելից / |
||
| 260 |
_a[Երևան] : _b«Նյումեգ», _cա. թ. |
||
| 300 |
_aՀատոր ; _c27 սմ |
||
| 505 |
_aթողարկում 1 - _gա. թ.-64 էջ |
||
| 505 |
_aթողարկում 3 - _gա. թ.-100 էջ |
||
| 650 | _aՀայոց ցեղասպանություն | ||
| 653 | _aՍԷՄ | ||
| 942 |
_2udc _cBK _n0 |
||
| 999 |
_c74467 _d74467 |
||